British History Quiz #4 (Wars of the roses) - Statistics

General Stats
  • This quiz has been taken 235 times
  • The average score is 9 of 20
Answer Stats
Hint Answer % Correct
Houses involved in the war York
98%
Lancaster
97%
Who was the father of Edward IV Richard of York
79%
Which playwright wrote plays such as: Richard III, Henry VI and Henry V Shakespeare
72%
These two houses are cadet branches of what house Plantagenet
69%
Who was the wife of Henry VII Elizabeth
62%
Who was the youngest king of England Henry VI
55%
In what city were the remains of Richard III dug up Leicester
55%
Who was the king during the peasant revolt Richard II
55%
Who was the father of Henry IV John of gaunt
30%
What was the first battle of the wars of the roses St Albans
28%
Most famous death at this battle Warwick the king maker, Richard Neville
26%
Which lord swapped sides at the battle of bosworth Lord Stanley
23%
What was the name of the person said to have been pretending to be Richard of Shrewsbury. Perkin Warbeck
20%
Which tower were the princes in the castle held after the being moved from the bloody tower according to Mancini’s account The White Tower
19%
What is the name of the person said to have been pretending to be Edward Plantagenet son of Edward IV Lambert Simnel
18%
In which Welsh castle was Henry VII born Pembroke
17%
What was the most recent battle before the battle previous to the battle of Bosworth field Tewkesbury
16%
What was the first Battle fought in the year 1471 Barnet
13%
What was the last battle of the wars of the roses Stoke field
9%
No matching quizzes found
Score Distribution
Percent of People with Each Score
Percentile by Number Answered
Your Score History
You have not taken this quiz